| 000 | 00669nam a22002177a 4500 | ||
|---|---|---|---|
| 999 |
_c14252 _d14252 |
||
| 003 | AR-CdUCM | ||
| 008 | 190422b ||||| |||| 00| 0 spa d | ||
| 020 | _a978-958-30-0701-9 | ||
| 040 |
_aMUNICIPALIDAD PROVINCIAL DEL CUSCO _cBIBLIOTECA MUNICIPAL DEL CUSCO |
||
| 082 |
_aEP / 803 / _bN61 |
||
| 100 |
_aNiño, Jairo Aníbal. _932960 |
||
| 245 | _aEl jardín de las ilusiones / | ||
| 260 |
_aColombia : _bPanamericana editorial Ltda., _c2000. |
||
| 300 | _c20 cm. | ||
| 440 |
_aNarrativa. _932961 |
||
| 505 | _aContenido :El jardín de las ilusiones . | ||
| 650 |
_aCuentos _9217 |
||
| 650 |
_aHistorias _92725 |
||
| 942 |
_2ddc _cLIBROS |
||
| 945 |
_arum _d2019-04-22 |
||